| 000 | 00973cam a22002894a 4500 | ||
|---|---|---|---|
| 001 | 12684236 | ||
| 005 | 20171114135132.0 | ||
| 008 | 020212s2003 ohua b 001 0 eng | ||
| 010 | _a | ||
| 020 | _a9780030350849 | ||
| 035 | _a(DLC) 2002020827 | ||
| 035 | _a(DLC)152 | ||
| 040 |
_aDLC _cDLC _dDLC |
||
| 042 | _apcc | ||
| 050 | 0 | 0 |
_aHD30.4 _b.Z54 2003 |
| 082 | 0 | 0 |
_a658.403072 _222 _bZIK |
| 100 | 1 |
_aZikmund, William G. _99083 |
|
| 245 | 1 | 0 |
_aBusiness Research Methods / _cWilliam G. Zikmund. |
| 250 | _a7th ed. | ||
| 260 |
_aMason, OH : _bThomson/South-Western, _cc2003. |
||
| 300 |
_axix, 748 p. : _bill. (some col.) ; _c27 cm. |
||
| 504 | _aIncludes bibliographical references and index. | ||
| 650 | 0 |
_aManagement _xResearch. _99084 |
|
| 650 | 0 |
_99085 _aBusiness _xResearch |
|
| 942 |
_2ddc _cBB |
||
| 999 |
_c12838 _d12838 |
||